| 000 | 00586nam a2200229 a 4500 | ||
|---|---|---|---|
| 003 | AR-BaBNM | ||
| 005 | 20251128203157.0 | ||
| 008 | 082120s2002 ||||||||||||||000 | spa|| | ||
| 040 | _cAR-BaBNM | ||
| 100 | 1 | _aZavalĂa, Alberto de | |
| 245 | 0 | 0 | _aLa cama de oro |
| 260 |
_aBuenos Aires _bEdiciones del Carro de Tespis _c1966 |
||
| 300 | _a46 p. | ||
| 490 | 0 |
_aTeatro breve argentino _vv. 9 |
|
| 650 | 4 | _aESCRITORES | |
| 650 | 4 | _aHISTORIAS DE AMOR | |
| 650 | 4 | _aLITERATURA CONTEMPORANEA | |
| 650 | 4 | _aTEATRO ARGENTINO | |
| 655 | _aLITERATURA | ||
| 942 | _cBK | ||
| 998 | _cMARTIN | ||
| 999 |
_c2248 _d2248 |
||